Filmografia di Stanley Kubrick - Statistics

Statistiche generali
  • Questo quiz è stato fatto 94 volte
  • Il punteggio medio è 8 su 13
Statistiche sulle risposte
con Immagini Risposta % Corretto
Arancia meccanica
97%
Shining
95%
Full Metal Jacket
92%
2001: Odissea nello spazio
84%
Eyes Wide Shut
78%
Il dottor Stranamore - Ovvero: come ho imparato a non preoccuparmi e ad amare la bomba
71%
Lolita
47%
Spartacus
47%
Barry Lyndon
46%
Orizzonti di gloria
39%
Rapina a mano armata
29%
Paura e desiderio
18%
Il bacio dell'assassino
17%
Nessun quiz corrispondente trovato
Distribuzione punteggi
Percentuale di utenti per punteggio
Percentile per numero di risposta
I tuoi punteggi nel tempo
Non hai fatto questo quiz